000
00318nam a2200121Ia 4500
008
220216s9999 xx 000 0 und d
100
_a
Rajendra Prasad
245
0
_a
Sustainable agriculture and fertilizer use
260
_b
Current Science
_c
1999
300
_a
38-43
650
_a
Sustainable agriculture
942
_c
JS
999
_c
70069
_d
70069